| 000 | 00584nam a2200229Ia 4500 | ||
|---|---|---|---|
| 003 | OSt | ||
| 005 | 20220928143536.0 | ||
| 006 | a|||||r|||| 00| 0 | ||
| 007 | ta | ||
| 008 | 220927b |||||||| |||| 00| 0 eng d | ||
| 024 | _a22501 | ||
| 037 | _cTextual | ||
| 040 |
_aSDCL _cSDCL _beng |
||
| 041 |
_2eng _aeng |
||
| 082 | _aG:1996, N8 | ||
| 100 |
_aHoppert M _9505708 |
||
| 245 | 0 | _aElectron microscopy in microbiology. | |
| 260 | _c1998 | ||
| 700 |
_a Holzenburg A _9505709 |
||
| 942 |
_hG:1996, N8 _cTEXL _2CC |
||
| 999 |
_c824494 _d824494 |
||